Organizational behavior / (Record no. 40942)
[ view plain ]
| 000 -LEADER | |
|---|---|
| campo de control de longitud fija | 01993cam a2200229 4500 |
| 001 - NÚMERO DE CONTROL | |
| campo de control | 1561 |
| 005 - FECHA Y HORA DE LA ÚLTIMA TRANSACCIÓN | |
| campo de control | 20230410115427.0 |
| 008 - DATOS DE LONGITUD FIJA--INFORMACIÓN GENERAL | |
| campo de control de longitud fija | 060907n1992 nyu eng |
| 020 ## - NÚMERO INTERNACIONAL ESTÁNDAR DEL LIBRO | |
| Número Internacional Estándar del Libro | 0070391661 |
| 035 ## - NÚMERO DE CONTROL DEL SISTEMA | |
| -- | funglode1568 |
| 041 ## - CÓDIGO DE IDIOMA | |
| Código de lengua del texto/banda sonora o título independiente | EN |
| 050 14 - SIGNATURA TOPOGRÁFICA DE LA BIBLIOTECA DEL CONGRESO | |
| Número de clasificación | HD 58.7 |
| Número de ítem | L973o 1992 |
| 100 1# - ENTRADA PRINCIPAL--NOMBRE DE PERSONA | |
| Nombre de persona | Luthans, Fred |
| 245 10 - MENCIÓN DEL TÍTULO | |
| Título | Organizational behavior / |
| Mención de responsabilidad, etc. | Fred Luthans |
| 250 ## - MENCION DE EDICION | |
| Mención de edición | 6a ed. |
| 260 ## - PUBLICACIÓN, DISTRIBUCIÓN, ETC. | |
| Lugar de publicación, distribución, etc. | New York : |
| Nombre del editor, distribuidor, etc. | McGraw-Hill, |
| Fecha de publicación, distribución, etc. | 1992 |
| 300 ## - DESCRIPCIÓN FÍSICA | |
| Extensión | xxx, 656 p. |
| 440 #0 - MENCIÓN DE SERIE/PUNTO DE ACCESO ADICIONAL--TÍTULO | |
| Título | McGraw-Hill series in management |
| 520 ## - RESUMEN, ETC. | |
| Sumario, etc. | The foundation for organizational behavior, 1. -- An introduction to organizational behavior, 3. -- The backgroung and methodology, 18. -- The basic building blocks of organizational behavior : A micro perspective, 51. -- Perception, 53. -- Personality, 83. -- Micro variables applied : Job attitudes, satisfaction, and commitment, 107. -- The heart of organizational behavior : Motivation, learning, and leadership, 143. -- Motivation theory : Needs and processes, 145. -- Motivation applied : Job design and goal setting, 180. -- Learning theory : Reinforcement and punishment, 206. -- Learning applied : Organizational behavior modification, 235. -- Leadership theory : Background and processes, 267. -- Leadership applied : Styles and performance, 297. -- The dynamics of organizational behavior : Groups, interactive behavior, conflict, stress, power, and politics, 343. -- Group dynamics, 345. -- Interactive behavior and conflict, 369. -- Jos stress, 398. -- Power and politics, 425. -- The processes and structure of organizational behavior, 463. -- Communication, 465. -- Decision making, 492. -- Organization theory and design, 516. -- The environmental context of organizational behavior : Organization culture, international organizational behavior, and change, 559. -- Organizational culture, 561. -- International organizational behavior, 582. -- Organization change, development, and the future, 609 |
| 650 #0 - PUNTO DE ACCESO ADICIONAL DE MATERIA--TÉRMINO DE MATERIA | |
| Término de materia o nombre geográfico como elemento de entrada | Organizational behavior |
| 942 ## - ELEMENTOS DE ENTRADA SECUNDARIOS (KOHA) | |
| Fuente del sistema de clasificación o colocación | Clasificación de Library of Congress |
| Tipo de ítem Koha | |
| Estatus retirado | Estado de pérdida | Fuente del sistema de clasificación o colocación | Estado de daño | No para préstamo | Colección | Biblioteca de origen | Biblioteca actual | Ubicación en estantería | Fecha de adquisición | Serial enumeration / chronology | Signatura topográfica completa | Código de barras | Visto por última vez | Copia número | Tipo de ítem Koha |
|---|---|---|---|---|---|---|---|---|---|---|---|---|---|---|---|
| Clasificación de Library of Congress | Ciencias Sociales | Biblioteca Juan Bosch | Biblioteca Juan Bosch | Ciencias Sociales (3er. Piso) | 24/10/2018 | 1 | HD 58.7 L973o 1992 | 00000013581 | 24/10/2018 | 1 |
